Concretos durables con resistencia a la penetración de cloruros para estructuras en zonas costeras o con influencia del ambiente marino en la Región Pacífico Central
Wedi'i Gadw mewn:
| Prif Awdur: | |
|---|---|
| Fformat: | Llyfr |
| Cyhoeddwyd: |
[San José, Costa Rica]
2008
|
| Pynciau: | |
| Tagiau: |
Ychwanegu Tag
Dim Tagiau, Byddwch y cyntaf i dagio'r cofnod hwn!
|
MARC
| LEADER | 00000nam a2200000Ia 4500 | ||
|---|---|---|---|
| 003 | 001122 | ||
| 005 | 20221231144100.0 | ||
| 008 | 140114s2008 cr a 000 ||s d | ||
| 040 | |c cru CEDI | ||
| 090 | |a TFG 5647 | ||
| 100 | |a Sánchez Campos, Fernando Alberto |9 4361 | ||
| 245 | |a Concretos durables con resistencia a la penetración de cloruros para estructuras en zonas costeras o con influencia del ambiente marino en la Región Pacífico Central | ||
| 260 | |c 2008 |b [San José, Costa Rica] | ||
| 300 | |a 1 volumen (en varias paginaciones); ilustraciones a color | ||
| 500 | |a Proyecto de graduación (licenciatura en ingeniería civil)--Universidad de Costa Rica. Facultad de Ingeniería. Escuela de Ingeniería Civil | ||
| 650 | |x HORMIGON |x CORROSION |x PERMEABILIDAD |x ESTRUCTURAS DE HORMIGON ARMADO |x POROSIDAD |x CLORUROS |x ZONAS COSTERAS |9 4362 | ||
| 942 | |c TFG | ||
| 999 | |c 16614 |d 16614 | ||
